Currency used in The Americas - Sudden Death - Statistics

General Stats
  • This quiz has been taken 363 times
  • The average score is 7 of 12
Answers on the Grid
Answers color-coded by a green-red scale on the quiz's grid according to % correct below.
Peso
Dollar
Boliviano
Real
Colon
Quetzal
Lempira
Gourde
Cordoba
Bolivar
Sol
Guarani
Lira
Shilling
Franc
Dalasi
Tala
Escudo
Leu
Dinar
Rial
Manat
Rupee
Won
Convertible Mark
 
Answer Stats
Answer % Correct
Dollar
98%
Peso
98%
Bolivar
74%
Boliviano
66%
Real
66%
Quetzal
64%
Colon
58%
Guarani
50%
Sol
50%
Cordoba
41%
Gourde
31%
Lempira
31%
No matching quizzes found
Score Distribution
Percent of People with Each Score
Percentile by Number Answered
Your Score History
You have not taken this quiz